Beziehungen zwischen böhmischem und spätosmanischem Glas

Titel: Beziehungen zwischen böhmischem und spätosmanischem Glas
Verfasser:
In: Böhmisches Glas - Phänomen der mitteleuropäischen Kultur des 19. und frühen 20. Jahrhunderts, (1995), Seite 13-16, 9 Abb.
alle Artikel anzeigen
Veröffentlicht: 1995
Format: Aufsatz
Sprache: Deutsch
Kein Bild verfügbar
X
alg: 39148339
001A    $01999:11-11-16 
001B    $01999:25-04-21 $t10:52:11.000 
001D    $01999:11-11-16 
001U    $0utf8 
001X    $00 
002@    $0Aox 
003@    $0391483390 
007A    $0391483390 $aHEB 
007T    $0Herd26749 
010@    $ager 
011@    $a1995 
021A    $aBeziehungen zwischen böhmischem und spätosmanischem Glas 
028A    $aErdmann $dHanna 
031A    $h13-16, 9 Abb. $j1995 
039B    $aIn $8--Aau--. Böhmisches Glas - Phänomen der mitteleuropäischen Kultur des 19. und frühen 20. Jahrhunderts. - Tittling : Rotel Tours, 1995. - 158 S.. - zahlr. Ill.. - ISBN 3-927218-98-7 $x199500000000000987 $9049654292 
045F    $a330.094371 $eDDC23BSB 
045F/01 $a330.09 
045F/03 $g4371 

lok: 39148339 78

exp: 39148339 78 1 #EPN
201B/01 $026-11-17 $t00:38:45.000 
201U/01 $0utf8 
203@/01 $0787577480 
208@/01 $a11-11-16 $be 
209A/01 $a/ $f000 $x00 
220C/01 $aTitelaufnehmer: rb 
244Z/01 $#Tschechien $#Tschechische Republik $#Tschechische Republik $#Tschechenland $#Tschechei Tschechien $#Česká Republika $#Czech Republic $#ČR $74303381-7 $8--Tg1--Tschechien $x01 $9086659812 
244Z/01 $2Trx $#Böhmen $#Bohemia $#Czechy $8--Trx--Čechy $x02 $9391188941 
244Z/01 $2Trx $#Imperium Osmańskie $#Osmanská říše $8--Trx--Reich$gOsmanisches $x03 $9391195158 
244Z/01 $aGeschichte 1500-1900 $x04 
244Z/01 $2Trx $#klaasitootmine $#stiklo gamyba $#glas manufacturing $#üveggyártás $#hutnictwo szkła $#sklárstvo $#výroba skla $#produkcja szkła $8--Trx--Glasherstellung $x05 $9391367714 
244Z/01 $2Trx $#kaubavahetus klaas ja keraamika $#prekyba stiklas ir keramika $#trade glas $#kereskedelem üveg és kerámia $#handel, szkło $#obchod sklo a keramika $#obchod sklo a keramika $#Glas $#sklo $8--Trx--Handel$gGlas und Keramik $x06 $9391367854 
244Z/01 $2Trx $#majanduslikud suhted $#santykiai, ūkiniai $#relations, economic $#kapcsolatok, gazdasági $#stosunki gospodarcze $#vzťahy hospodárske $#vztahy hospodářské $#Außenhandel $#handel zagraniczny $#obchod zahraničný $#obchod zahraniční $8--Trx--Beziehungen, wirtschaftliche $x07 $9391355910 
244Z/01 $2Trx $8--Trx--Einzelbeiträge $x08 $9391384570 
245Z/01 $a09.04 $x01 
247C/01 $82080>Marburg/Lahn, Herder-Institut, Forschungsbibliothek, Bibliographieportal $9336309341
LEADER 00000caa a22000002c 4500
001 391483390
003 DE-603
005 20210425105211.0
007 tu
008 161111s1995 xx |||| | u00||u|ger c
035 |a (DE-599)HEB391483390 
040 |a DE-603  |b ger  |c DE-603  |d DE-603 
041 |a ger 
082 0 4 |8 1\u  |a 330.094371  |q DE-101  |2 23/BSB 
085 |8 1\u  |b 330.09 
085 |8 1\u  |z 2  |s 4371 
100 1 |a Erdmann, Hanna 
245 0 0 |a Beziehungen zwischen böhmischem und spätosmanischem Glas 
264 0 |c 1995 
773 0 8 |i In  |t Böhmisches Glas - Phänomen der mitteleuropäischen Kultur des 19. und frühen 20. Jahrhunderts  |d Tittling : Rotel Tours, 1995  |h 158 S., zahlr. Ill.  |z 3927218987  |g (1995), Seite 13-16, 9 Abb.  |w (DE-603)049654292 
924 0 |9 2080  |a (DE-603)787577480  |b DE-2080  |c HES  |d d  |g /